Catalog

Record Details

Catalog Search



Available copies

  • 3 of 3 copies available at LARL/NWRL Consortium.
  • 1 of 1 copy available at Northwest Regional Library. (Show preferred library)

Current holds

0 current holds with 3 total copies.

Show Only Available Copies
Location Call Number / Copy Notes Barcode Shelving Location Status Due Date
Godel Memorial-Warren Library BRO (Text) 35500004932693 Main Available -
Crookston Public Library BRO (Text) 33500011341831 Main Available -
Moorhead Public Library BRO (Text) 33500011341781 Main Available -

Record details

  • ISBN: 9780345521224 (hbk. : acid-free paper)
  • ISBN: 0345521226 (hbk. : acid-free paper)
  • ISBN: 9780345521248 (ebk.)
  • ISBN: 0345521242 (ebk.)
  • Physical Description: 507 p. ; 25 cm.
  • Edition: 1st ed.
  • Publisher: New York : Ballantine Books, c2011.

Content descriptions

Summary, etc.:
Navy SEAL Izzy Zanella and his estranged wife, ... Read More
Subject: United States. Navy. SEALs > Fiction.
Government investigators > Fiction.
Genre: Romantic suspense fiction.
LDR 02416cam a2200457 a 4500
001124970
003LARL_NWRL_CONSORTIUM
00520110331171207.0
008110107s2011 nyu 000 1 eng
020 . ‡a9780345521224 (hbk. : acid-free paper)
020 . ‡a0345521226 (hbk. : acid-free paper)
020 . ‡a9780345521248 (ebk.)
020 . ‡a0345521242 (ebk.)
035 . ‡a(OCoLC)642842954
043 . ‡an-us---
08200. ‡a813/.54 ‡222
1001 . ‡aBrockmann, Suzanne. ‡0(LARL_NWRL_CONSORTIUM)121426
24510. ‡aBreaking the rules : ‡n#16 / ‡cSuzanne Brockmann.
250 . ‡a1st ed.
260 . ‡aNew York : ‡bBallantine Books, ‡cc2011.
300 . ‡a507 p. ; ‡c25 cm.
4900 . ‡aTroubleshooters ; ‡v16
520 . ‡aNavy SEAL Izzy Zanella and his estranged wife, Eden Gillman, are set on saving her brother even if that means reconciling with each other to prove to a court that they can give better care to the young teenage boy. Just as their hearts begin to mend, the makeshift family gets caught up in saving another youth from a crime ring in Las Vegas and ends up with a group of dangerous men on their trail.
61010. ‡aUnited States. ‡bNavy. ‡bSEALs ‡vFiction.
650 0. ‡aGovernment investigators ‡vFiction. ‡0(LARL_NWRL_CONSORTIUM)165515
655 7. ‡aRomantic suspense fiction. ‡2gsafd
901 . ‡a124970 ‡bOCLC ‡c124970 ‡tbiblio

Additional Resources